000 00513ngm a2200193 i 4500
001 C2-0330036
003 PPAK
005 20180727222202.0
008 150303s2013 xxu|||| ||||| | vleng d
040 _aPPAK
_beng
_cPPAK
_erda
245 1 4 _aThe hobbit an unexpected journey
264 1 _aUnited State :
_bWarner Bros. ,
_c2013
336 _2rdacontent
_atext
337 _2rdamedia
_aunmediated
338 _2rdacarrier
_avolume
700 _eauthor
700 1 _aOlssen, Jabez,
_eeditor
942 _2ddc
_cDVD
999 _c167616
_d167616